|
|
|
|
| LEADER |
00000nam a2200000 4500 |
| 005 |
20110630144040.0 |
| 008 |
spa |
| 020 |
|
|
|a 9786074401059
|
| 035 |
|
|
|a 4959
|
| 040 |
|
|
|a BUS
|d vLex
|
| 090 |
|
|
|c 871
|d 871
|
| 100 |
1 |
|
|a Přez Chavez, Jos ̌
|
| 245 |
1 |
0 |
|a Sueldos y salarios
|h [Recurso electrn̤ico] :
|b personas fs̕icas.
|p Gua̕ prc̀tica /
|c Jos ̌Přez Chavez, Eladio Campero Guerrero, Raymundo Fol Olguin
|
| 256 |
|
|
|a Servicio en ln̕ea
|
| 260 |
|
|
|a Mx̌ico d.F. :
|b Tax editores,
|c 2010
|
| 506 |
1 |
|
|a Contenido solo disponible en los productos indicados
|d vLex Global
|d vLex Global (Academic Edition, excluding Law Schools)
|d vLex Global (U.S. Academic Edition, Law Schools)
|d vLex Global (U.S. Academic Edition, excluding Law Schools)
|d vLex Global (Academic Edition, Law Schools)
|
| 650 |
0 |
4 |
|a Salarios
|x Derecho
|z Mx̌ico
|
| 650 |
0 |
4 |
|a Impuesto sobre la renta
|z Mx̌ico
|
| 700 |
1 |
|
|a Fol Olguin, Raymundo,
|e coaut.
|
| 700 |
1 |
|
|a Campero Guerrero, Eladio,
|e coaut.
|
| 740 |
0 |
|
|a VLex Libros (Servicio en ln̕ea)
|
| 856 |
4 |
0 |
|u http://vlex.com/source/sueldos-salarios-personas-fisicas-guia-practica-4959
|z Acceso restringido
|
| 942 |
|
|
|c BOOK
|
| 999 |
0 |
|
|a Salary
|b Mexico
|